[Event "Dortmund Sparkassen op 49th"]
[Site "Dortmund"]
[Date "2022.07.20"]
[Round "5"]
[White "Roesch, Mario"]
[Black "Barseghyan, Armen Ar"]
[Result "1-0"]
[WhiteElo "2227"]
[BlackElo "2383"]
[PlyCount "85"]
[EventDate "2022.07.16"]
[EventType "swiss"]
[EventRounds "9"]
[EventCountry "GER"]
[SourceTitle "CBM 209 Extra"]
[Source "ChessBase"]
[SourceDate "2022.09.30"]
[SourceVersion "1"]
[SourceVersionDate "2022.09.30"]
[SourceQuality "1"]

1. Nf3 c5 2. c4 Nc6 3. Nc3 g6 4. g3 Bg7 5. Bg2 d6 6. 0-0 e5 7. a3 Nge7 8. b4 0-0 9. Rb1 Rb8 10. d3 h6 11. b5 Nd4 12. Nd2 f5 13. e3 Ne6 14. Nd5 f4 15. Nxe7+ Qxe7 16. Ne4 g5 17. Nc3 Qf7 18. Bf3 g4 19. Bxg4 f3 20. Ne4 Nd4 21. Nxd6 Qg6 22. Bxc8 Ne2+ 23. Kh1 Qxd6 24. Bh3 Nc3 25. Qc2 Nxb1 26. Qxb1 Rbd8 27. Rd1 e4 28. d4 cxd4 29. Qxe4 Kh8 30. Bf1 Rde8 31. Qxb7 dxe3 32. Rxd6 e2 33. Bxe2 fxe2 34. Bd2 Rxf2 35. Kg1 Rf1+ 36. Kg2 Rd1 37. Bc3 Bxc3 38. Rxh6+ Kg8 39. Qh7+ Kf8 40. Qf5+ Kg8 41. Qh7+ Kf8 42. Rg6 Rg1+ 43. Kh3 1-0

[Event "Davos Challenge op"]
[Site "Davos"]
[Date "2022.06.04"]
[Round "3"]
[White "Pavlovic, Milos"]
[Black "Roesch, Mario"]
[Result "1/2-1/2"]
[WhiteElo "2471"]
[BlackElo "2199"]
[PlyCount "65"]
[EventDate "2022.06.03"]
[EventType "swiss"]
[EventRounds "7"]
[EventCountry "SUI"]
[SourceTitle "CBM 208 Extra"]
[Source "ChessBase"]
[SourceDate "2022.07.31"]
[SourceVersion "1"]
[SourceVersionDate "2022.07.31"]
[SourceQuality "1"]

1. d4 Nf6 2. Nf3 e6 3. g3 Be7 4. Bg2 0-0 5. 0-0 d5 6. c4 dxc4 7. a4 Bd7 8. Nbd2 Bc6 9. Nxc4 Bd5 10. b3 Na6 11. Bb2 Qc8 12. Rc1 b6 13. Ne3 Be4 14. Ne5 Bxg2 15. Nxg2 Qb7 16. Nc6 Bd6 17. Ne1 Nb8 18. Qc2 Nxc6 19. Qxc6 Qxc6 20. Rxc6 Nd7 21. Nd3 Nb8 22. Rc4 a5 23. Rfc1 Ra7 24. R1c2 Rb7 25. Bc1 Rd8 26. Bg5 Rd7 27. Kg2 f6 28. Be3 Na6 29. Rc6 Nb8 30. R6c3 Na6 31. Rc6 Nb8 32. R6c4 Na6 33. Rc6 1/2-1/2

[Event "Verbandsliga Suedbaden 2122"]
[Site "Baden"]
[Date "2022.04.03"]
[Round "8.2"]
[White "Scherer, Helmut"]
[Black "Roesch, Mario"]
[Result "1/2-1/2"]
[WhiteElo "2266"]
[BlackElo "2170"]
[PlyCount "73"]
[EventDate "2021.10.10"]
[EventType "team-tourn"]
[EventRounds "9"]
[EventCountry "GER"]
[SourceTitle "EXT 2023"]
[Source "ChessBase"]
[SourceDate "2022.10.05"]
[SourceVersion "1"]
[SourceVersionDate "2022.10.05"]
[SourceQuality "1"]
[WhiteTeam "Zaehringen"]
[BlackTeam "Oberwinden"]
[WhiteTeamCountry "GER"]
[BlackTeamCountry "GER"]

1. e4 e6 2. d4 d5 3. Nc3 dxe4 4. Nxe4 Nd7 5. Nf3 Ngf6 6. Bg5 Be7 7. Nxf6+ Bxf6 8. Bxf6 Qxf6 9. Qd2 0-0 10. 0-0-0 c5 11. Bb5 cxd4 12. Qxd4 Qxd4 13. Rxd4 Nf6 14. Ne5 a6 15. Be2 b5 16. Bf3 Ra7 17. Rd6 Rc7 18. Rhd1 g6 19. Rc6 Ra7 20. Rcd6 Rc7 21. Rb6 Kg7 22. Rdd6 Re8 23. Bc6 Ree7 24. f4 h6 25. Rd8 g5 26. g3 gxf4 27. gxf4 Nh5 28. Nd3 Kf6 29. Bf3 Ng7 30. Rh8 Nf5 31. Bg4 Kg7 32. Rd8 Ne3 33. Bd1 Bb7 34. Rbd6 Nf5 35. Rb6 Ne3 36. Rbd6 Nf5 37. Rb6 1/2-1/2

[Event "Verbandsliga Suedbaden 1920"]
[Site "Baden"]
[Date "2020.03.08"]
[Round "7.2"]
[White "Roesch, Mario"]
[Black "Metz, Hartmut"]
[Result "1/2-1/2"]
[WhiteElo "2152"]
[BlackElo "2259"]
[PlyCount "118"]
[EventDate "2019.09.29"]
[EventType "team-tourn"]
[EventRounds "9"]
[EventCountry "GER"]
[SourceTitle "EXT 2021"]
[Source "ChessBase"]
[SourceDate "2020.10.23"]
[SourceVersion "1"]
[SourceVersionDate "2020.10.23"]
[SourceQuality "1"]
[WhiteTeam "Oberwinden"]
[BlackTeam "Kuppenheim"]
[WhiteTeamCountry "GER"]
[BlackTeamCountry "GER"]

1. Nf3 d5 2. d4 Nf6 3. c4 c6 4. e3 a6 5. Qc2 e6 6. Nbd2 Nbd7 7. Bd3 Bd6 8. 0-0 0-0 9. b3 e5 10. cxd5 cxd5 11. dxe5 Nxe5 12. Nxe5 Bxe5 13. Bb2 Bxb2 14. Qxb2 Bg4 15. h3 Bh5 16. Qd4 Rc8 17. b4 Bg6 18. Bxg6 hxg6 19. Rac1 Qd7 20. Qb6 Rfe8 21. Nb3 Re6 22. Qa7 Rec6 23. Rxc6 Rxc6 24. Nc5 Qc8 25. Rd1 a5 26. a3 axb4 27. axb4 g5 28. Rd4 b6 29. Nd3 Re6 30. Qa2 Rc6 31. Qa7 Re6 32. Qa2 Rc6 33. b5 Rc4 34. Qa7 Qe6 35. Qb8+ Kh7 36. Qe5 Rc1+ 37. Kh2 Qxe5+ 38. Nxe5 Kg8 39. Nc6 Rb1 40. Nb4 Rb2 41. f3 Rb3 42. Kg3 Rxe3 43. Nxd5 Re5 44. Nxb6 Rxb5 45. Nc8 g6 46. Nd6 Nh5+ 47. Kh2 Rb2 48. Ne4 Nf4 49. Rd2 Rxd2 50. Nxd2 f6 51. g3 Ne6 52. Kg2 Kf7 53. Kf2 Ng7 54. Ne4 Ke6 55. Nc5+ Kd5 56. Nd7 Ke6 57. Nc5+ Kd5 58. Nd7 Ke6 59. Nc5+ Kd5 1/2-1/2

[Event "Verbandsliga Suedbaden 1819"]
[Site "Baden"]
[Date "2019.03.10"]
[Round "7.2"]
[White "Kiefer, Gerhard"]
[Black "Roesch, Mario"]
[Result "0-1"]
[WhiteElo "2296"]
[BlackElo "2167"]
[PlyCount "118"]
[EventDate "2018.10.14"]
[EventType "team-tourn"]
[EventRounds "9"]
[EventCountry "GER"]
[SourceTitle "EXT 2020"]
[Source "ChessBase"]
[SourceDate "2019.10.17"]
[SourceVersion "1"]
[SourceVersionDate "2019.10.17"]
[SourceQuality "1"]
[WhiteTeam "Emmendingen II"]
[BlackTeam "Oberwinden"]
[WhiteTeamCountry "GER"]
[BlackTeamCountry "GER"]

1. e4 e6 2. d4 d5 3. Nc3 dxe4 4. Nxe4 Nd7 5. Nf3 Ngf6 6. Nxf6+ Nxf6 7. Bd3 c5 8. Be3 Qc7 9. c3 Be7 10. 0-0 0-0 11. Ne5 b6 12. Qf3 Bb7 13. Qh3 Be4 14. Bxe4 Nxe4 15. Rfe1 Nf6 16. Nd3 Nd5 17. dxc5 bxc5 18. c4 Nxe3 19. Qxe3 Rfd8 20. b3 Bf6 21. Ne5 Rd6 22. Re2 Rad8 23. Rae1 Rd4 24. g3 Qb7 25. Qf3 Qxf3 26. Nxf3 R4d6 27. Ne5 a5 28. Kg2 g6 29. h4 h5 30. Kf3 Kg7 31. Kg2 Ra8 32. Rb1 Ra7 33. Nf3 Rad7 34. Rc1 Kf8 35. Rcc2 Rb7 36. Red2 Rxd2 37. Rxd2 Ke7 38. Kf1 a4 39. Rd3 axb3 40. axb3 Ra7 41. Ke2 Ra2+ 42. Rd2 Ra3 43. Rd3 Bg7 44. Ng5 Bd4 45. Nf3 e5 46. Nxd4 exd4 47. b4 Rxd3 48. Kxd3 cxb4 49. Kxd4 Kd6 50. c5+ Kc6 51. Kc4 b3 52. Kxb3 Kxc5 53. Kc3 Kd5 54. Kd3 Ke5 55. Ke3 Kf5 56. Kf3 f6 57. Kg2 Ke4 58. Kf1 Kf3 59. Kg1 f5 0-1

[Event "Verbandsliga Suedbaden 1718"]
[Site "Baden"]
[Date "2018.01.14"]
[Round "4.1"]
[White "Lerch, Patrice"]
[Black "Roesch, Mario"]
[Result "1/2-1/2"]
[WhiteElo "2409"]
[BlackElo "2167"]
[PlyCount "89"]
[EventDate "2017.10.08"]
[EventType "team-tourn"]
[EventRounds "9"]
[EventCountry "GER"]
[SourceTitle "EXT 2019"]
[Source "ChessBase"]
[SourceDate "2018.10.10"]
[SourceVersion "1"]
[SourceVersionDate "2018.10.10"]
[SourceQuality "1"]
[WhiteTeam "Lahr"]
[BlackTeam "Oberwinden"]
[WhiteTeamCountry "GER"]
[BlackTeamCountry "GER"]

1. e4 c6 2. Nf3 d5 3. Nc3 Bg4 4. h3 Bxf3 5. Qxf3 Nf6 6. g3 e6 7. Bg2 Be7 8. 0-0 Nbd7 9. Qe2 0-0 10. b3 Nxe4 11. Nxe4 dxe4 12. Qxe4 Bf6 13. Rb1 Re8 14. b4 a6 15. a4 Rc8 16. Rd1 Nb6 17. b5 axb5 18. axb5 Nd5 19. Qd3 Qc7 20. bxc6 Qxc6 21. Be4 g6 22. Qb5 Red8 23. Qxc6 bxc6 24. Ba3 Rb8 25. Kf1 Kg7 26. Ke2 h5 27. c3 h4 28. Rxb8 Rxb8 29. Bc5 hxg3 30. fxg3 Rb2 31. Kd3 Be5 32. Bd4 Bxd4 33. Kxd4 f5 34. Bxd5 cxd5 35. Ke5 Kf7 36. g4 Ra2 37. Rb1 fxg4 38. hxg4 Rxd2 39. Rb7+ Kg8 40. Kf6 Rc2 41. Kxg6 Kf8 42. Kf6 Rf2+ 43. Kxe6 Rf4 44. g5 Rc4 45. Rb3 1/2-1/2

[Event "Split op 6th"]
[Site "Split"]
[Date "2016.08.16"]
[Round "5"]
[White "Ostovic, Matija"]
[Black "Roesch, Mario"]
[Result "1/2-1/2"]
[WhiteElo "2352"]
[BlackElo "2154"]
[PlyCount "85"]
[EventDate "2016.08.13"]
[EventType "swiss"]
[EventRounds "9"]
[EventCountry "CRO"]
[SourceTitle "CBM 173 Extra"]
[Source "ChessBase"]
[SourceDate "2016.08.29"]
[SourceVersion "1"]
[SourceVersionDate "2016.08.29"]
[SourceQuality "1"]

1. Nf3 Nf6 2. g3 g6 3. b3 Bg7 4. Bb2 0-0 5. Bg2 d6 6. d4 Nbd7 7. 0-0 c5 8. c4 Qc7 9. Nc3 a6 10. Rc1 b6 11. e4 Bb7 12. Re1 e6 13. Qd2 Rfd8 14. Rcd1 Rac8 15. h3 Qb8 16. Qe3 Qa8 17. g4 h5 18. g5 Ne8 19. d5 e5 20. Nh4 Nc7 21. Nf5 Bf8 22. Nh6+ Bxh6 23. gxh6 Kh7 24. f4 f6 25. Ne2 Rf8 26. h4 Rce8 27. f5 gxf5 28. Qh3 Kh8 29. Qxf5 Qd8 30. Ng3 Rg8 31. Nxh5 Bc8 32. Kh1 Qe7 33. Rf1 Ref8 34. Bc1 Nb8 35. Qf2 f5 36. Ng7 f4 37. Bf3 Rf6 38. Nh5 Rxh6 39. Rg1 Rhg6 40. Rxg6 Rxg6 41. Rg1 Rxg1+ 42. Kxg1 Ne8 43. Qg2 1/2-1/2

[Event "Las Palmas Montalvo Memorial 9th"]
[Site "Las Palmas"]
[Date "2016.03.26"]
[Round "8"]
[White "Perez Guerra, Raul"]
[Black "Roesch, Mario"]
[Result "0-1"]
[WhiteElo "1734"]
[BlackElo "2119"]
[PlyCount "40"]
[EventDate "2016.03.21"]
[EventType "swiss"]
[EventRounds "9"]
[EventCountry "ESP"]
[SourceTitle "CBM 171 Extra"]
[Source "ChessBase"]
[SourceDate "2016.04.26"]
[SourceVersion "1"]
[SourceVersionDate "2016.04.26"]
[SourceQuality "1"]

1. e4 c6 2. d4 d5 3. e5 c5 4. c3 Nc6 5. Nf3 Bg4 6. Bd3 cxd4 7. cxd4 Bxf3 8. Qxf3 Nxd4 9. Qg4 Nc6 10. e6 fxe6 11. Qxe6 Nf6 12. Nc3 Qd7 13. Qe2 e5 14. Bg5 Bb4 15. 0-0-0 Bxc3 16. bxc3 Qe7 17. Kb2 0-0 18. Bc2 Qc5 19. Bb3 Kh8 20. Bc2 Ne4 0-1

[Event "Las Palmas Montalvo Memorial 9th"]
[Site "Las Palmas"]
[Date "2016.03.23"]
[Round "3"]
[White "Roesch, Mario"]
[Black "Lazarev, Vladimir"]
[Result "1/2-1/2"]
[WhiteElo "2119"]
[BlackElo "2383"]
[PlyCount "74"]
[EventDate "2016.03.21"]
[EventType "swiss"]
[EventRounds "9"]
[EventCountry "ESP"]
[SourceTitle "CBM 171 Extra"]
[Source "ChessBase"]
[SourceDate "2016.04.26"]
[SourceVersion "1"]
[SourceVersionDate "2016.04.26"]
[SourceQuality "1"]

1. e4 c5 2. c3 Nf6 3. d3 e5 4. f4 Nc6 5. Nf3 exf4 6. Bxf4 d5 7. Nbd2 Be7 8. Be2 0-0 9. Qc2 Nh5 10. Be3 d4 11. Bf2 Nf4 12. Bf1 Be6 13. c4 f5 14. 0-0-0 b5 15. exf5 Bxf5 16. cxb5 Nb4 17. Qb3+ Kh8 18. Nc4 a6 19. b6 Rb8 20. Bg3 Be6 21. a3 Nbd5 22. Nfe5 Qe8 23. Qc2 Nxb6 24. Nxb6 Rxb6 25. Nc4 Bxc4 26. Qxc4 Qb8 27. Qc2 Bd6 28. Bxf4 Bxf4+ 29. Kb1 Be3 30. Be2 Rf2 31. Rhf1 Rxg2 32. Rf5 g6 33. Rxc5 Qxh2 34. Rc8+ Kg7 35. Qc5 Qd6 36. Rc7+ Kf6 37. Rf1+ Rf2 1/2-1/2

[Event "Bayern-chI Bank Hofmann 19th"]
[Site "Bad Wiessee"]
[Date "2015.11.05"]
[Round "6"]
[White "Pieper, Thomas"]
[Black "Roesch, Mario"]
[Result "1-0"]
[WhiteElo "2274"]
[BlackElo "2117"]
[PlyCount "35"]
[EventDate "2015.10.31"]
[EventType "swiss"]
[EventRounds "9"]
[EventCountry "GER"]
[SourceTitle "EXT 2017"]
[Source "ChessBase"]
[SourceDate "2016.10.25"]
[SourceVersion "1"]
[SourceVersionDate "2016.10.25"]
[SourceQuality "1"]

1. e4 e6 2. d4 d5 3. Nc3 dxe4 4. Nxe4 Nf6 5. Bd3 Nbd7 6. Qe2 Be7 7. Nf3 c5 8. c3 cxd4 9. Nxd4 0-0 10. 0-0 Qc7 11. Bg5 a6 12. Rad1 Re8 13. Rfe1 Rb8 14. Bh4 g6 15. Bg3 e5 16. Ng5 Bd6 17. Bc4 Re7 18. Nxf7 1-0

[Event "Hofheim Spring op-A 3rd"]
[Site "Hofheim"]
[Date "2015.04.08"]
[Round "3"]
[White "Engel, Berthold"]
[Black "Roesch, Mario"]
[Result "1-0"]
[WhiteElo "2227"]
[BlackElo "2104"]
[PlyCount "67"]
[EventDate "2015.04.07"]
[EventType "swiss"]
[EventRounds "9"]
[EventCountry "GER"]
[SourceTitle "CBM 166 Extra"]
[Source "ChessBase"]
[SourceDate "2015.06.18"]
[SourceVersion "1"]
[SourceVersionDate "2015.06.18"]
[SourceQuality "1"]

1. Nf3 Nf6 2. b3 g6 3. Bb2 Bg7 4. g3 0-0 5. Bg2 d6 6. d4 Nbd7 7. Nbd2 e5 8. dxe5 Ng4 9. 0-0 Ngxe5 10. Nxe5 Nxe5 11. Rb1 f5 12. Nc4 Qe7 13. Ne3 Nc6 14. Nd5 Qf7 15. Nf4 Kh8 16. Bxg7+ Qxg7 17. e3 Bd7 18. c4 a5 19. Qd2 Rfe8 20. Rfd1 b6 21. Nd5 Ra7 22. Nc3 Raa8 23. Nb5 Rac8 24. Bxc6 Bxc6 25. Na7 Be4 26. Nxc8 Bxb1 27. Nxd6 cxd6 28. Rxb1 Qd7 29. Rd1 f4 30. Qd4+ Kg8 31. Qxf4 Rf8 32. Qxd6 Qh3 33. Qd5+ Kg7 34. Qd7+ 1-0

[Event "Verbandsliga Suedbaden 1415"]
[Site "Baden"]
[Date "2014.12.14"]
[Round "4.1"]
[White "Roesch, Mario"]
[Black "Ruff, Maximilian"]
[Result "1/2-1/2"]
[WhiteElo "2117"]
[BlackElo "2188"]
[PlyCount "39"]
[EventDate "2014.10.12"]
[EventType "team-tourn"]
[EventRounds "9"]
[EventCountry "GER"]
[SourceTitle "EXT 2022"]
[Source "ChessBase"]
[SourceDate "2021.10.06"]
[SourceVersion "1"]
[SourceVersionDate "2021.10.06"]
[SourceQuality "1"]
[WhiteTeam "Oberwinden"]
[BlackTeam "Sasbach"]
[WhiteTeamCountry "GER"]
[BlackTeamCountry "GER"]

1. e4 e5 2. Nf3 Nc6 3. Bc4 Bc5 4. c3 Nf6 5. b4 Bb6 6. d3 d6 7. 0-0 0-0 8. a4 a5 9. b5 Ne7 10. Re1 Ng6 11. h3 c6 12. bxc6 bxc6 13. d4 Qc7 14. Nbd2 Re8 15. Ba3 h6 16. Rb1 Rb8 17. Bb3 Ba6 18. Bc4 Bc8 19. Bb3 Ba6 20. Bc4 1/2-1/2

[Event "Styrian op-A"]
[Site "Bad Gleichenberg"]
[Date "2014.07.07"]
[Round "3"]
[White "Buzeti, Jernej"]
[Black "Roesch, Mario"]
[Result "1/2-1/2"]
[WhiteElo "2269"]
[BlackElo "2105"]
[PlyCount "35"]
[EventDate "2014.07.05"]
[EventType "swiss"]
[EventRounds "9"]
[EventCountry "AUT"]
[SourceTitle "CBM 161 Extra"]
[Source "ChessBase"]
[SourceDate "2014.08.29"]
[SourceVersion "1"]
[SourceVersionDate "2014.08.29"]
[SourceQuality "1"]

1. e4 e6 2. d4 d5 3. Nd2 dxe4 4. Nxe4 Nd7 5. Nf3 Ngf6 6. Nxf6+ Nxf6 7. c3 c5 8. Ne5 a6 9. Be3 Qc7 10. Qa4+ Nd7 11. 0-0-0 cxd4 12. Nxd7 Bxd7 13. Qxd4 Bc6 14. Qg4 g6 15. h4 h5 16. Qf4 Qxf4 17. Bxf4 Be7 18. f3 1/2-1/2

[Event "Verbandsliga Sued Baden 1314"]
[Site "Germany"]
[Date "2013.10.20"]
[Round "1.1"]
[White "Roesch, Mario"]
[Black "Schmidt Schaeffer, Sebastian"]
[Result "0-1"]
[WhiteElo "2055"]
[BlackElo "2368"]
[PlyCount "64"]
[EventDate "2013.10.20"]
[EventType "team-tourn"]
[EventRounds "9"]
[EventCountry "GER"]
[SourceTitle "EXT 2015"]
[Source "ChessBase"]
[SourceDate "2014.11.20"]
[SourceVersion "1"]
[SourceVersionDate "2014.11.20"]
[SourceQuality "1"]
[WhiteTeam "Oberwinden"]
[BlackTeam "Brombach"]
[WhiteTeamCountry "GER"]
[BlackTeamCountry "GER"]

1. e4 g6 2. d4 Bg7 3. Nf3 d6 4. Bd3 Nc6 5. c3 Nf6 6. h3 0-0 7. 0-0 e5 8. Na3 h6 9. Be3 Nh5 10. Qd2 Kh7 11. Rad1 a6 12. Bc2 Qf6 13. Nh2 g5 14. Ng4 Qg6 15. g3 Nf4 16. f3 Nxh3+ 17. Kg2 h5 18. Kxh3 hxg4+ 19. fxg4 Qh5+ 20. Kg2 Bxg4 21. Rf2 Bxd1 22. Bxd1 Qg6 23. d5 Ne7 24. Kg1 g4 25. Bg5 f6 26. Rh2+ Kg8 27. Bh6 f5 28. Bxg7 Qxg7 29. exf5 Nxf5 30. Rh5 Qf6 31. Qh2 Ne3 32. Be2 Qf1+ 0-1

[Event "Alsace-Baden"]
[Site "Wittelsheim"]
[Date "2013.09.22"]
[Round "1.18"]
[White "Richard, Emma"]
[Black "Roesch, Mario"]
[Result "1-0"]
[WhiteElo "2112"]
[BlackElo "2076"]
[PlyCount "81"]
[EventDate "2013.09.22"]
[EventType "team-match"]
[EventRounds "1"]
[EventCountry "FRA"]
[SourceTitle "EXT 2014"]
[Source "ChessBase"]
[SourceDate "2013.11.20"]
[SourceVersion "1"]
[SourceVersionDate "2013.11.20"]
[SourceQuality "1"]
[WhiteTeam "Alsace"]
[BlackTeam "Baden"]
[WhiteTeamCountry "FRA"]
[BlackTeamCountry "GER"]

1. e4 e6 2. d4 d5 3. Nd2 Nf6 4. e5 Nfd7 5. Bd3 c5 6. c3 b6 7. Ndf3 Ba6 8. Ne2 Be7 9. c4 0-0 10. 0-0 Nc6 11. cxd5 Bxd3 12. dxc6 Bxe2 13. Qxe2 Nb8 14. dxc5 Bxc5 15. Qb5 Qc7 16. b4 Be7 17. Qc4 Qxc6 18. Qg4 Qc2 19. Nd4 Qg6 20. Qf3 Nd7 21. Qb7 Bxb4 22. Nc6 Nxe5 23. Nxe5 Qf5 24. Nc6 Bc5 25. Be3 Kh8 26. Bxc5 Qxc5 27. Rfd1 Rac8 28. Rac1 Qh5 29. Nxa7 Rb8 30. Qd7 Qe2 31. Rd2 Qe4 32. h3 h5 33. Qd3 Qb7 34. Nb5 Rbc8 35. Rcd1 Rc5 36. Nd6 Qe7 37. Ne4 Rd5 38. Qe2 g6 39. Qe3 Rxd2 40. Rxd2 Kg7 41. Qxb6 1-0

[Event "Rethymno op 5th"]
[Site "Rethymno"]
[Date "2013.07.29"]
[Round "2"]
[White "Baron, Tal"]
[Black "Roesch, Mario"]
[Result "1-0"]
[WhiteElo "2469"]
[BlackElo "2076"]
[PlyCount "59"]
[EventDate "2013.07.28"]
[EventType "swiss"]
[EventRounds "9"]
[EventCountry "GRE"]
[SourceTitle "CBM 155 Extra"]
[Source "ChessBase"]
[SourceDate "2013.08.26"]
[SourceVersion "1"]
[SourceVersionDate "2013.08.26"]
[SourceQuality "1"]

1. d4 Nf6 2. c4 g6 3. Nc3 Bg7 4. e4 d6 5. Nf3 0-0 6. h3 e5 7. d5 a5 8. Bg5 Na6 9. Be2 Qe8 10. Nd2 Nd7 11. a3 h6 12. Bh4 Bf6 13. Bg3 Bg5 14. Nf3 Be7 15. Rb1 Kg7 16. b4 f5 17. exf5 gxf5 18. Nd2 Bg5 19. f4 Bxf4 20. Bxf4 exf4 21. Nb5 Qe7 22. Nf3 Nf6 23. 0-0 Qe3+ 24. Kh2 Re8 25. Bd3 Bd7 26. Nbd4 Ng4+ 27. hxg4 fxg4 28. Bf5 Re5 29. Rb3 g3+ 30. Kh1 1-0